000 00777nam a2200181Ia 4500
008 090123s9999 xx 000 0 und d
082 _b27226
100 _aगंधे दिवाकर दत्तात्रय
245 _aरुपेरी पडद्यवरील सुवर्णाक्षरे
250 _a1
260 _bडिंपल प्रकाशन
_c1997
300 _a295
600 _aगंधे दिवाकर दत्तात्रय
630 _aरुपेरी पडद्यवरील सुवर्णाक्षरे
700 _aगंधे दिवाकर दत्तात्रय
730 _aरुपेरी पडद्यवरील सुवर्णाक्षरे
942 _cBOOK
999 _c65508
_d65508